000 00622nam a22001937a 4500
003 BD-DhJNU
005 20250205075035.0
008 250205b |||||||| |||| 00| 0 eng d
020 _a9789845060318
040 _aBD-DhJNU
_bENG
_cBD-DhJNU
_dBD-DhJNU
082 _223
_a331.31 KHC
100 _aKhair, Sumaiya
245 _aChild labour revisited :
_bgender, culture, economics and human rights /
_cSumaiya Khair
260 _aDhaka :
_bThe University Press,
_c2011.
300 _axii, 239p. :
_bill. ;
_c22 cm.
504 _aIncludes bibliographical references and index.
650 _aChild Labour
942 _2ddc
_cBK
_n0
999 _c1248
_d1248